MARC

LEADER 00000nam0a2200000 4500
001 273747
005 20231101234647.0
020 |a RU  |b 87-47473 
035 |a (RuTPU)RU\TPU\book\296957 
090 |a 273747 
100 |a 20141029d1987 km y0rusy5003 ca 
101 0 |a rus 
102 |a RU 
105 |a y z 000zy 
200 1 |a Производственные мощности предприятий: эффективное использование  |f Н. П. Коновалова 
210 |a Москва  |c Экономика  |d 1987 
215 |a 65 с. 
225 1 |a Экономисту промышленных предприятий 
606 1 |a Промышленные предприятия  |x Производственная мощность  |2 stltpush  |3 (RuTPU)RU\TPU\subj\52664  |9 71069 
610 1 |a производственная мощность 
610 1 |a использование 
610 1 |a эффективность 
610 1 |a основные фонды 
610 1 |a проектная мощность 
610 1 |a расчеты 
675 |a 658.011.4  |z rus  |v 3 
700 1 |a Коновалова  |b Н. П.  |g Надежда Прохоровна  |4 070 
801 0 |a RU  |b RuMRKP  |c 19950417  |g psbo 
801 1 |a RU  |b 63413507  |c 20141029 
801 2 |a RU  |b 63413507  |c 20170116  |g RCR 
942 |c BK